00322pab a2200133 454500008004000000100002100040245004900061260000900110300001100119362001000130650001600140650001700156773001500173180718b2012 xxu||||| |||| 00| 0 eng d aVombatkere, S.G. aDefence preparedness: Learning from the past c2012 ap.5-6. a7 Apr aIndia. Army aArmed forces aMainstream